=LDR 00000nam 2200000 4500 =001 INLIS000000000009584 =005 20200714121853 =035 ##$$a 0010-061300000009584 =008 200714################g##########0#ind## =041 ##$$a Ind =082 ##$$a 2x6.4 =090 ##$$a 2x6.4, Kha a =100 ##$$a Khan, Wahiduddin =245 1#$$a Antara Islam dan barat : $b Perempuan di tengah pergumulan /$c Wahiduddin Khan ; Penerjemah, Abdullah Ali =260 ##$$a Jakarta :$b Serambi Ilmu Semesta,$c 1995 =300 ##$$a 313 hlm, ; $c 15 x 21 cm =650 #4$$a kedudukan Wanita dlm Islam =850 ##$$a NBPNMAT =084 ##$$a 2x6.4 KHA a =700 #$$a Abdullah Ali =500 ##$$a Judul asli : Woman Between Islam and Westem Society =504 ##$$a Indeks : hlm, 308-313 =250 ##$$a cet.1 =990 ##$$a DW00026765 =990 ##$$a DW00026766 =990 ##$$a DW00026767 =990 ##$$a 00087055 =990 ##$$a 170.338/pro.2002 =990 ##$$a 170.339/pro.2002 =990 ##$$a DW00026765 =990 ##$$a DW00026766 =990 ##$$a DW00026767 =990 ##$$a 170.338/pro.2002